Featuring de SCH - Statistiques

Statistiques générales
  • Ce quiz a été pris 488 fois
    471 depuis la dernière actualisation
  • Le résultat moyen est 31 sur 84
Statistiques - réponses
Titre Artiste % Correct
Mode Akimbo / Fantôme / Le classico organisé / Bande organisée / Mother Fuck / Sapapaya / Avengers / L'étoile sur le maillot / Légendaire / Je suis Marseille / C'est maintenant / GJS / 13 organisé / C'est pas un film / Planète Mars 2021 Jul
99%
FADE UP / HS Hamza
92%
La danse des bandits / Le classico organisé / Bande organisée / Avengers / Dreamlife / C'est maintenant / 13 organisé / Coffre-fort Naps
92%
Prêt à partir / Mayday / La vie du binks / Kimono Ninho
91%
Secteur / Cursus Le A
85%
Le classico organisé / Bande organisée / Les derniers marioles / Va jober Soso Maness
82%
Mannschaft Freeze Corleone
81%
9 1 1 3 Zola
81%
Liquide / Ça va / Laisse-les / On y est / 6.35 / Tony / Mon frelo Lacrim
79%
Le classico organisé / Bande organisée / Caractère / C'est maintenant / 13 organisé Kofs
76%
GJS / Baden Baden Gims
74%
Le classico organisé / Hier / Incontrôlables PLK
73%
Pas de manières / Kimono / La paresse / 6.35 / Mon frelo Sadek
73%
Le classico organisé / Valise Koba LaD
70%
Cigarette / Où sont les € Kaaris
69%
Solitude / Valise / Légendaire / Rien de lavable Rim'K
69%
Fantôme / L'étoile sur le maillot / Je suis Marseille Le Rat Luciano
66%
Dernier retrait / Halloween Vald
65%
L'étoile sur le maillot / Je suis Marseille / C'est maintenant / 13 organisé / C'est pas un film / Goyard / Planète Mars 2021 / Diamant Alonzo
64%
American Airlines / C'est pas un film Sofiane
64%
FADE UP ZEG P
63%
Sapapaya / L'étoile sur le maillot / Je suis Marseille / C'est maintenant L'Algérino
62%
Super Silver Haze Heuss L'enfoiré
60%
Mauvais payeur Niska
59%
Smile Lefa
58%
INTERNATIONAL GANGSTAS 6ix9ine
57%
Marginaux / Ma Baby Dinos
57%
Every Day / Maryline Soolking
55%
Cartine Cartier / Balenciaga / XNX Sfera Ebbasta
53%
Pavel 13 Block
52%
Transmission automatique So la Lune
49%
Le classico organisé Gazo
46%
Légendaire / 13 organisé / Planète Mars 2021 Soprano
46%
Je suis Marseille Akhenaton
44%
La vie du binks / Ni amour ni amitié DA Uzi
44%
Bande organisée / 13 organisé Elams
44%
Business Bosh
40%
Bande organisée / 13 organisé Houari
40%
INTERNATIONAL GANGSTAS CAPO
38%
Every Day Capo Plaza
38%
Solvable, Partie 1 Niro
36%
Bande organisée / 13 organisé / C'est pas un film Solda
30%
X2 Twinsmatic
30%
Pas de manières / Mon frelo Lapso
29%
Aniki, mon frère Hooss
28%
C'est pas un film / Diva RK
27%
Le classico organisé Guy2bezbar
24%
Mauvais Naza
24%
Spéciale Fresh
23%
Comme un dream Guirri Mafia
19%
Tony / Mon frelo Kore
15%
Je suis Marseille Shurik'n
15%
INTERNATIONAL GANGSTAS Farid Bang
14%
Avengers Kalif Hardcore
14%
Légendaire Lino
12%
On y est Rimkus
12%
Où sont les € Worm's T
12%
13 organisé Moubarak
10%
L'étoile sur le maillot / 13 organisé As
9%
Diamant DJ Quick
9%
C'est pas un film Mig
9%
Légendaire Oxmo Puccino
9%
C'est maintenant / 13 organisé Sat l'Artificier
9%
On y est Walid
8%
13 organisé THABITI
7%
13 organisé AM La Scampia
6%
13 organisé Bilk
6%
Je suis Marseille / 13 organisé Fahar
6%
C'est maintenant / 13 organisé Kamikaz
6%
13 organisé Keny Arkana
6%
L'étoile sur le maillot / 13 organisé Veazy
6%
C'est pas un film Nahir
5%
Légendaire R.E.D.K
5%
L'étoile sur le maillot / 13 organisé Stone Black
5%
Légendaire Calbo
4%
13 organisé DRIME
4%
13 organisé Friz
4%
13 organisé Jazzy Jazz
4%
C'est pas un film Moh
4%
13 organisé Sysa
4%
13 organisé ZBIG
4%
13 organisé Many
3%
13 organisé Sauzer
3%
13 organisé Tonyno
3%
Aucun quiz correspondant
Distribution des résultats
% des personnes avec chaque résultat
Percentile par nombre de réponses
Votre historique - résultats
Vous n’avez pas pris ce quiz depuis la dernière actualisation